000 00791nam a2200217Ia 4500
008 130821s2002 ck gr spa
020 _a958 20 0639 0
040 _aCo-BoUCM
_bspa
041 0 0 _aspa
100 1 _aBarrera Morales, Marcos Fidel
_9168853
245 1 0 _aLíneas de investigación en investigación holística
_cMarcos Fidel Barrera Morales y Jacqueline Hurtado de Barrera
260 _aBogotá (Colombia)
_bCooperativa Editorial Magisterio
_c2002
300 _a85 páginas
490 _aHolos
650 _aInvestigación
_917968
650 _aInvestigación
_xMetodología
_939766
650 _aMetodología científica
_919434
700 1 _aHurtado de Barrera, Jacqueline
_9168854
942 _cLIBRO
_a1
_e1
_mB272l
_2DEWEY
_h001.42
999 _c74252
_d74252